000 00880nam a2200253Ia 4500
003 PE SENCICO BE
005 20260218164736.0
008 200515s9999 xx 000 0 und d
040 _aPE SENCICO BE
_cPE SENCICO BE
041 _aspa
082 _a526.982
_bD19
100 1 _aDávila Burga, Jorge
_967
_eautor
245 1 0 _aPrincipios de fotogeología /
_cJorge Dávila Burga
250 _a2a ed.
260 _aLima :
_bMultirey,
_c1992
300 _a124 páginas :
_bilustraciones, mapas ;
_c20 cm.
504 _aBibliografía: p. [109]-110
505 0 _aPrincipios básicos de la fotogrametría – Principios de fotogeología – Interpretación geomorfológica – Fotogeología aplicada
650 1 0 _aFotogeología
_9253
650 2 0 _aFotogrametría
_9248
650 2 0 _aComunicaciones digitales
_9252
650 2 0 _aAnálisis geotécnico
_9254
942 _cLIB
_2ddc
999 _c535
_d535